[Event "Budapest Spring op 05th"]
[Site "Budapest"]
[Date "1989.??.??"]
[Round "?"]
[White "Glek, Igor Vladimirovich"]
[Black "Vuletic, Predrag"]
[Result "1-0"]
[WhiteElo "2475"]
[BlackElo "2270"]
[PlyCount "51"]
[EventDate "1989.03.18"]
[EventType "swiss"]
[EventRounds "9"]
[EventCountry "HUN"]
[SourceTitle "TD"]
[Source "ChessBase"]
[SourceDate "1994.03.01"]
[SourceVersion "1"]
[SourceVersionDate "1994.03.01"]
[SourceQuality "1"]

1. d4 Nf6 2. c4 e5 3. dxe5 Ng4 4. Bf4 Nc6 5. Nf3 Bb4+ 6. Nc3 f6 7. exf6 Qxf6 8. Qd2 Bxc3 9. bxc3 d6 10. c5 0-0 11. e3 dxc5 12. Bxc7 Be6 13. Be2 Rac8 14. Bg3 Rf7 15. 0-0 Rd7 16. Qc2 Nce5 17. Rad1 Rcd8 18. Rxd7 Rxd7 19. Rd1 Nxf3+ 20. Bxf3 Rxd1+ 21. Qxd1 Qxc3 22. Bxg4 Bxg4 23. Qd5+ Kf8 24. h3 c4 25. hxg4 Qd3 26. Bd6+ 1-0